Propuesta de Guía Metodológica para la Autoevaluación de los Programas de Posgrado, el caso de la Dirección de Posgrado de la Universidad Nacional de Ingeniería
Presenta el diseño de una guía metodológica para el proceso de autoevaluación de los programas de posgrado, considerando las perspectivas de los actores y con base en su situación actual.
| Main Authors: | , |
|---|---|
| Other Authors: | |
| Format: | Tesis Section = Libro |
| Language: | Undetermined Spanish |
| Published: |
Managua
UNI
2010
|
| Subjects: |
| LEADER | 01169nam a2200265Ia 4500 | ||
|---|---|---|---|
| 008 | 240830s9999 xx 000 0 und d | ||
| 040 | |a BIBLIOTECA-RUSB/ M.Mon 379.158 G633 | ||
| 041 | |a spa | ||
| 082 | |a M.Mon 379.158 G633 | ||
| 100 | 1 | |a Gómez Jaime, Dora Isabel | |
| 100 | 1 | |b Torres Hernández, Hilda Luvy | |
| 245 | 1 | 0 | |a Propuesta de Guía Metodológica para la Autoevaluación de los Programas de Posgrado, el caso de la Dirección de Posgrado de la Universidad Nacional de Ingeniería |
| 260 | |a Managua |b UNI |c 2010 | ||
| 300 | |a 117 p. :il. | ||
| 500 | |a Contiene: anexos. | ||
| 502 | |a Tesis (Máster en Gestión Universitaria) - UNI, 2010. | ||
| 520 | 3 | |a Presenta el diseño de una guía metodológica para el proceso de autoevaluación de los programas de posgrado, considerando las perspectivas de los actores y con base en su situación actual. | |
| 650 | 7 | |a CALIDAD DE LA EDUCACIÓN | |
| 650 | 7 | |b EVALUACIÓN DE PROGRAMAS DE ESTUDIOS DE ESPECIALIZACIÓN | |
| 650 | 7 | |c PROGRAMAS DE POSGRADO | |
| 650 | 7 | |d EDUCACIÓN - VALORACIÓN | |
| 700 | 1 | |a Tutor: |b Duriéz González, Maribel | |
| 942 | |c BK |2 ddc | ||
| 991 | |a TESIS | ||
| 999 | |c 19289 | ||